| 000 | 00350nam a2200133Ia 4500 | ||
|---|---|---|---|
| 003 | GCL | ||
| 008 | 140319s9999 xx 000 0 eng d | ||
| 040 |
_aGCL / _cGCL |
||
| 082 | 0 | 4 |
_a664 _bS F |
| 100 | 1 | _aSTREET, C.A | |
| 245 | 1 | 0 |
_aFLOUR CONFECTIONERY MANUFACTURE / _cSTREET, C.A |
| 260 |
_a[S.N] : _bVAN NOSTRAND REINHOLD ، _c1991 |
||
| 300 | _a234 PP | ||
| 999 |
_c17062 _d17062 |
||